Informacionnaja baza perspektivnogo planirovanija v OASU
Gespeichert in:
| 1. Verfasser: | |
|---|---|
| Weitere Verfasser: | , |
| Format: | Buch |
| Sprache: | Russisch |
| Veröffentlicht: |
Moskva
Ekonomika
1982
|
| Tags: |
Keine Tags, Fügen Sie das erste Tag hinzu!
|
MARC
| LEADER | 00000nam a2200000 4500 | ||
|---|---|---|---|
| 001 | c134511 | ||
| 005 | 20041019155301.4 | ||
| 041 | 0 | |a rus | |
| 044 | |a RU | ||
| 245 | 1 | 0 | |a Informacionnaja baza perspektivnogo planirovanija v OASU |c Sergej Aleksejevič Kuznecov, Valerij Leonidovič Makarov, Valentin Davydov Maršak |
| 264 | 1 | |a Moskva |b Ekonomika |c 1982 | |
| 300 | |a 207 s. | ||
| 100 | 1 | |a Kuznecov, Sergej Aleksejevič | |
| 700 | 1 | |a Makarov, Valerij Leonidovič | |
| 700 | 1 | |a Maršak, Valentin Davydov | |